[Event "IND-ch U15 47th"]
[Site "New Delhi"]
[Date "2022.11.29"]
[Round "3"]
[White "Vaz, Ethan"]
[Black "Adalja, Vanssh A"]
[Result "1-0"]
[WhiteElo "2049"]
[BlackElo "1528"]
[PlyCount "210"]
[EventDate "2022.11.28"]
[EventType "swiss"]
[EventRounds "11"]
[EventCountry "IND"]
[SourceTitle "CBM 211 Extra"]
[Source "ChessBase"]
[SourceDate "2023.01.31"]
[SourceVersion "1"]
[SourceVersionDate "2023.01.31"]
[SourceQuality "1"]

1. e4 c6 2. d4 d5 3. e5 c5 4. c3 Nc6 5. Nf3 Bg4 6. Nbd2 e6 7. Be2 cxd4 8. cxd4 Bb4 9. 0-0 Bxd2 10. Qxd2 Nge7 11. b3 0-0 12. Bb2 Ng6 13. h3 Bxf3 14. Bxf3 a5 15. Ba3 Re8 16. Bd6 Nge7 17. g4 a4 18. Qc3 Ng6 19. Qe3 Qh4 20. Be2 h5 21. Kg2 f5 22. f4 hxg4 23. hxg4 Qh6 24. g5 Qh4 25. Qf2 Qxf2+ 26. Rxf2 Nxd4 27. Bh5 Kf7 28. Bc5 Nc6 29. b4 Rh8 30. Rh1 Rac8 31. a3 Rh7 32. Kg3 Rhh8 33. Rfh2 Rhd8 34. Bd1 Ra8 35. Rd2 Nb8 36. Be2 Nd7 37. Bd4 Rdc8 38. Bb5 Nb8 39. Rhh2 Nc6 40. Bc5 Na7 41. Bd3 b6 42. Bd4 Nf8 43. Rc2 Nd7 44. Kf3 Nc6 45. Bb2 Na7 46. Ba6 Rxc2 47. Rxc2 Ke7 48. Ke3 Kd8 49. Bd4 Nc8 50. Bb5 Na7 51. Bd3 Rc8 52. Rh2 Ke7 53. g6 Rg8 54. Kd2 Nc6 55. Bb2 Nf8 56. Rg2 Rh8 57. Bb5 Na7 58. Bxa4 Rh4 59. Bd4 Nc8 60. Bb5 Nd7 61. Be3 Kd8 62. Kd3 Ne7 63. a4 Rh3 64. Kd2 d4 65. Bxd4 Nd5 66. Ke1 Nxb4 67. Kf1 Nd5 68. Rf2 Rh1+ 69. Kg2 Rh6 70. Bc4 Rxg6+ 71. Kf3 Kc7 72. Rc2 Kb7 73. Rd2 Nb8 74. Bf2 Nxf4 75. Rd6 Rg4 76. Rxb6+ Kc7 77. Bxe6 Nxe6 78. Rxe6 Nc6 79. a5 g5 80. a6 Ra4 81. a7 Kd7 82. Rh6 Nxe5+ 83. Kg2 Nc6 84. Rf6 f4 85. Rf5 g4 86. Rxf4 Ra2 87. Kg3 Kc8 88. Rf7 Ra3+ 89. Kg2 Ra2 90. Kg3 Ra3+ 91. Kh4 Ra4 92. Bb6 Nxa7 93. Bxa7 Kd8 94. Bc5 Ke8 95. Re7+ Kd8 96. Rg7 Rc4 97. Bd6 Rd4 98. Be5 Ra4 99. Kg5 Ra5 100. Kf5 Ra4 101. Ke6 Kc8 102. Rc7+ Kd8 103. Rc6 Re4 104. Rd6+ Kc8 105. Rb6 Ra4 1-0

[Event "IND-chT 41st"]
[Site "Jalgaon"]
[Date "2022.04.08"]
[Round "1.1"]
[White "Puranik, Abhimanyu Sameer"]
[Black "Adalja, Vanssh A"]
[Result "1-0"]
[WhiteElo "2610"]
[BlackElo "1704"]
[PlyCount "54"]
[EventDate "2022.04.08"]
[EventType "team-swiss"]
[EventRounds "9"]
[EventCountry "IND"]
[SourceTitle "CBM 208 Extra"]
[Source "ChessBase"]
[SourceDate "2022.07.31"]
[SourceVersion "1"]
[SourceVersionDate "2022.07.31"]
[SourceQuality "1"]
[WhiteTeam "Airports Authority"]
[BlackTeam "Gujarat"]
[WhiteTeamCountry "IND"]
[BlackTeamCountry "IND"]

1. Nf3 Nf6 2. c4 c6 3. g3 g6 4. b3 Bg7 5. Bb2 0-0 6. Bg2 d5 7. 0-0 Nbd7 8. d4 Ne4 9. e3 e6 10. Qc2 f5 11. Nc3 a5 12. Ne1 b6 13. Nd3 Ba6 14. Ne2 Rc8 15. Rfd1 b5 16. c5 Qe7 17. a3 Ra8 18. Rac1 g5 19. Ne5 Bb7 20. Nxd7 Qxd7 21. Ra1 h5 22. Nc1 Qe7 23. Nd3 h4 24. f3 Nf6 25. Ne5 Kh7 26. e4 Nd7 27. exf5 Nxe5 1-0